000 00818nam a2200241Ia 4500
003 OSt
005 20220923220849.0
006 a|||||r|||| 00| 0
007 ta
008 220922b |||||||| |||| 00| 0 hin d
024 _a191,539
037 _cTextual
040 _aARTS
_cARTS
_bhin
041 _2hin
_ahin
082 _aV2y7N02, 152L72
100 _aलाल, लक्ष्मीनारायण
245 0 _aअधंकार में एक प्रकाश
_b जयप्रकाश
246 _aAdhankār mean ek prakāsha: jayaprakāsha
260 _aदिल्ली
_b सरस्ती विहार
_c1977
300 _a136पृ.
_ccm.
942 _hV2y7N02, 152L72
_cTEXL
_2CC
999 _c344246
_d344246